00418nam a22001337a 4500003000500000038001800005082000800023100001700031245006600048264003300114650003700147700004300184856005700227NUST aNusrat Nadeem a200 aRashid, Izaz aDecarbonizing the Cement Industry of Pakistan/cIzaz Rashid,  aIslamabad:bNBS NUST.c2025. aMS- Operations and Supply Chain  aSupervisor: Dr. Muhammad Kamran Khalid uhttp://10.250.8.41:8080/xmlui/handle/123456789/54481